| 000 | 01166nas a2200373 4500 | ||
|---|---|---|---|
| 001 | BR2018002407 | ||
| 003 | BR-BrBNA | ||
| 005 | 20231205131457.0 | ||
| 007 | ta | ||
| 008 | 230509b bl.|||p| |||| 00| 00por d | ||
| 040 |
_aBR-BrBNA _bpor _cBiblioteca Nacional de Agricultura |
||
| 041 | _a(En) | ||
| 072 | _aQ03 | ||
| 100 | 1 | _aReis, L.P. | |
| 100 | 1 | _aMenezes, L.D.M. | |
| 100 | 1 | _aLima, G.K. | |
| 100 | 1 | _aSantos, E.L. de S. | |
| 100 | 1 | _aDorneles, E.M.S. | |
| 100 | 1 | _aAssis, D.C.S. de | |
| 100 | 1 | _aLage, A.P. | |
| 100 | 1 | _aCançado, E.M.S. | |
| 100 | 1 | _aFigueiredo, T.C. de | |
| 245 | 1 | _aDetection of Campylobacter spp. in chilled and frozen broiler carcasses comparing immunoassay, PCR and real time PCR methods | |
| 650 | _aFRANGO | ||
| 650 | _aCARCAÇA | ||
| 650 | _aCONTAMINAÇÃO | ||
| 650 | _aBACTÉRIA | ||
| 650 | _aANÁLISE MICROBIOLÓGICA | ||
| 650 | _aSEGURANÇA ALIMENTAR | ||
| 773 | 0 |
_tCiência Rural (Brazil) _xISSN 1678-4596 _g(2018), v. 48(2) p. 1-7 _wBR2018002407 |
|
| 856 | 4 | 0 | _uhttp://www.scielo.br/pdf/cr/v48n2/1678-4596-cr-48-02-e20161034.pdf |
| 909 |
_a202311 _bLúcia _c55 _dLúcia Elande |
||
| 942 |
_2AGRIS _n0 _cANA |
||
| 999 |
_c255036 _d255036 |
||